000 00452cab a2200193 4500
001 X2545
008 090401t1995 xxu||||| |||| 00| 0 eng d
035 _a(Sirsi) u24915
041 _aeng
100 _aCooke, E.
245 _aEquitable accounting
260 _c1995
350 _a0
490 _aThe Conveyancer
_vSeptember - October 1995, 391-403(13)
650 _aEQUITABLE ACCOUNTING
690 _aLAW
942 _n0
948 _c04/03/1997
999 _c16710
_d16710